00679cam a2200205 a 4500020002800000041000800028082001300036100002400049245004500073260004500118300001300163650002200176650002500198650001900223700002300242942000700265952009200272952009200364999001700456 a0687003350 (alk. paper) aENG00a241bSTA aStackhouse, Max L. 00aChristian social ethics in a global era  aNashville, TN :bAbingdon Press,cc1995. a135 p. ; 0aChristian ethics. 0aChristian sociology. 0aSocial ethics.1 aStackhouse, Max L. cBK 00104070aHMIbHMIcGENd2018-12-11l0o241 STAp11004023r2026-01-16w2026-01-16yBK 00104070aHMIbHMIcGENd2018-12-11l0o241 STAp11004024r2026-01-16w2026-01-16yBK c22585d22585